Statistieken voor Landen die eindigen op -land

Klik hier om de quiz te nemen!

Algemene statistieken

  • Deze quiz is 72 keer genomen
  • De gemiddelde score is 11 van 13

Antwoordstatistieken

Land% Correct
Nederland
100%
Duitsland
96%
Finland
92%
Letland
89%
Rusland
89%
Estland
87%
Ierland
87%
Griekenland
81%
Zwitserland
77%
IJsland
75%
Thailand
72%
Nieuw-Zeeland
68%
Wit-Rusland
60%

Scoreverdeling

Percentiel versus Aantal Correcte Antwoorden

Procent van Mensen met Elke Score

Uw Scoregeschiedenis

U heeft deze quiz nog niet genomen